000
00331nam a2200133Ia 4500
008
220216s9999 xx 000 0 und d
100
_a
Baarle B van
245
0
_a
Mold fouling during rubber vulcanization
260
_b
Rubber World
_c
2004
300
_a
25-29,38
650
_a
Compounding
650
_a
Vulcanization
942
_c
JS
999
_c
63149
_d
63149